Cornizuelo y guiscoyol : las vainas y las cuestiones de don Crecencio (Registro nro. 12520)
[ vista simple ]
| 000 -CABECERA | |
|---|---|
| campo de control de longitud fija | 00527nam a22001937a 4500 |
| 005 - FECHA Y HORA DE ACTUALIZACIÓN | |
| campo de control | 20191129140204.0 |
| 008 - LONGITUD FIJA | |
| campo de control de longitud fija | 191129b xxu||||| |||| 00| 0 spa d |
| 041 ## - IDIOMA | |
| Código de idioma del texto/pista de sonido o título separado | |
| 082 ## - CLASIFICACIÓN DECIMAL DEWEY | |
| Número de clasificación | 390 A663c |
| 100 ## - AUTOR PERSONAL | |
| Nombre de persona | Arauz Ramos, Carlos Enrique |
| 245 ## - TÍTULO PROPIAMENTE DICHO | |
| Título | Cornizuelo y guiscoyol : las vainas y las cuestiones de don Crecencio |
| 260 ## - PIE DE IMPRENTA | |
| Fecha de publicación, distribución, etc. | 1999 |
| 300 ## - DESCRIPCIÓN FÍSICA | |
| Extensión | 240 páginas |
| 650 ## - Materia General | |
| Materia general | COSTA RICA |
| 650 ## - Materia General | |
| Materia general | FOLCLOR |
| 650 ## - Materia General | |
| Materia general | GUANACASTE |
| 650 ## - Materia General | |
| Materia general | FOLCLOR CAMPESINO |
| 942 ## - Punto de Acceso Adicional Koha | |
| Tipo de ítem Koha | Libro |
| Estado perdido | Estado dañado | No para préstamo | Biblioteca permanente | Biblioteca actual | Signatura completa | Código de barras | Precio efectivo a partir del | Tipo de ítem |
|---|---|---|---|---|---|---|---|---|
| Departamento de Biblioteca y Documentación Alfonso Chase Brenes | Departamento de Biblioteca y Documentación Alfonso Chase Brenes | 390 A663c | 6659 | 29/11/2019 | Libro |